000 01284nam a2200361 i 4500
001 25041
003 KOSZ 005
005 20200505133755.0
008 s1995 pl a f |000 0 pol
020 _a8386031557
040 _cKOSZ 005
_aKOSZ 005
_dKOSZ 005/EG
041 0 _apol
080 _a339.138
080 _a(075.8)
100 1 _aDobiegała-Korona, Barbara
_d(1940- )
_eAutor
245 1 0 _aMarketing :
_bprzesłanki i narzędzia decyzji marketingowych /
_cBarbara Dobiegała-Korona.
260 _aWarszawa :
_bWydawnictwa Prywatnej Wyższej Szkoły Businessu i Administracji,
_c1996.
300 _a241 s. ;
_c24 cm.
336 _2rdacontent
_aTekst
_btxt
337 _2rdamedia
_aBez urządzenia pośredniczącego
_bn
338 _2rdacarrier
_aWolumin
_bnc
380 _aKsiążki
380 _aPublikacje dydaktyczne
385 _mPoziom nauczania
_aSzkoły wyższe
388 _a1901-2000
388 _a1989-2000
650 7 _aMarketing
655 _aPodręczniki akademickie
658 _aZarządzanie i marketing
710 2 _aWydawnictwa Prywatnej Wyższej Szkoły Businessu i Administracji
856 _uhttp://koha.tu.koszalin.pl/cgi-bin/koha/opac-detail.pl?biblionumber=25041
_yKatalog online BPK
942 _2UKD
_cKS
999 _c25041
_d25041